000 00370nam a22001217a 4500
008 180421b xxu||||| |||| 00| 0 eng d
041 _aeng
080 _a043.3
100 _a0
101 _aMBE-BA
245 _aRoli i Menaxhmentit Financiar ne Zhvillimin e Ndermarrjeve te vogla dhe te mesme me Shtete ne Tranzicion; Rast Studimi Kosova
_cKrasniqi, D
942 _2udc
_cBK
999 _c45399
_d45399